00645nam a2200229 a 4500001001300000003000900013005001700022008004100039020002300080082001400103100001800117245001700135260003300152300001000185500003500195650002000230700001800250902000800268942000700276952011500283999001700398nice12345678IN_TiNIC20260116014016.0131003s2008 inda grp 000 0 eng  a9780143066569c32500a823bGHO2 aGhosh, Amitav aShadow Lines aIndia bPenguin Books c2008 a277p  aincludes index and biblioraphy aEnglish-Fiction1 aGhosh, Amitav bSRS cBK 001040708StackRoom-aHMIbHMId2013-10-03g325.00l0o823 GHO2p024133r2013-10-03v325.00w2013-10-03yBK c13482d13482